000 00441nam a2200145Ia 4500
008 100204s9999 xx 000 0 und d
082 _b15524
100 _aइनामदार ना.स.
245 _aराजेश्री
260 _bकॉन्टिनेन्टल प्रकाशन पुणे
_c1986
300 _a693
630 _aराजेश्री
730 _aराजेश्री
942 _cBOOK
999 _c459955
_d459952